Diccionario geográfico universal

Sparad:
Bibliografiska uppgifter
Huvudupphovsman: Gómez de Silva, Guido (Författare, medförfattare)
Materialtyp: Bok
Språk:spanska
Publicerad: Ciudad de México Fondo de Cultura Económica 1998
Upplaga:2a. ed
Ämnen:
Taggar: Lägg till en tagg
Inga taggar, Lägg till första taggen!

MARC

LEADER 00000cam a2200000 a 4500
001 UCM5452
003 CL-VaPUC
008 021011e19980000MX |||||||||||||||||spa|d
082 0 4 |a 910.03  |b GOM  |2 21 
100 |a Gómez de Silva, Guido  |e author  |9 471728 
245 1 0 |a Diccionario geográfico universal 
250 |a 2a. ed 
300 |a 566 p 
942 |c BK 
945 |d 20021011 00:00:00  |a cmena 
260 |a Ciudad de México  |b Fondo de Cultura Económica  |c 1998 
650 0 |a Geografía  |9 259346 
650 0 |a Diccionarios  |9 256200 
583 |a last modification  |c 20140529 11:48:39  |k Rodrigo Vera 
999 |c 301514  |d 301512 
952 |0 0  |1 0  |4 0  |6 910_030000000000000_GOM_1998  |7 0  |8 X  |9 360587  |a BIBING  |b BIBING  |d 2019-11-21  |i 384398K  |o 910.03 GOM 1998  |p 384398K  |r 2025-01-20  |w 2019-11-21  |y BK_X  |k GEO 
952 |0 0  |1 0  |4 0  |6 910_030000000000000_GOM_1998  |7 0  |8 X  |9 360588  |a BIBHIS  |b BIBHIS  |d 2019-11-21  |i 3889459  |o 910.03 GOM 1998  |p 3889459  |r 2024-01-30  |w 2019-11-21  |y BK_X  |k HIS 
952 |0 0  |1 0  |3 erd  |4 0  |6 910_030000000000000_GOM_1998  |7 0  |8 X  |9 360589  |a BIBING  |b BIBING  |i 5069777  |o 910.03 GOM 1998  |p 5069777  |r 2025-01-20  |w 2019-11-21  |y BK_X  |z Catalogado en:20140529  |k GEO